Beniljuks: regulirovanije predprinimatel'skoj dejatel'nosti inostrannych kompanij.
Zmluvy medzi krajinami Beneluxu a ZSSR o vzájomnej ochrane investícií a o dvojitom zdanení. Legislatíva a zmluvné základy zahraničných spoločností v Belgicku, Holandsku a Luxembursku. Postup pri zakladaní spoločností, ich organizačné formy.
Gespeichert in:
| 1. Verfasser: | |
|---|---|
| Format: | Buchkapitel |
| Sprache: | Russisch |
| Schlagworte: | |
| Tags: |
Keine Tags, Fügen Sie das erste Tag hinzu!
|
MARC
| LEADER | 00000naa a2200000 4500 | ||
|---|---|---|---|
| 001 | r007248 | ||
| 005 | 20221125081610.0 | ||
| 041 | 0 | |a rus | |
| 044 | |a [CS] | ||
| 245 | 1 | 0 | |a Beniljuks: regulirovanije predprinimatel'skoj dejatel'nosti inostrannych kompanij. |c A. Bulatov |
| 520 | |a Zmluvy medzi krajinami Beneluxu a ZSSR o vzájomnej ochrane investícií a o dvojitom zdanení. Legislatíva a zmluvné základy zahraničných spoločností v Belgicku, Holandsku a Luxembursku. Postup pri zakladaní spoločností, ich organizačné formy. | ||
| 610 | 2 | 0 | |a Benelux |
| 610 | 2 | 0 | |a ZSSR |
| 610 | 2 | 0 | |a zmluvy hospodárske |
| 610 | 2 | 0 | |a investície zahraničné |
| 610 | 2 | 0 | |a dane |
| 610 | 2 | 0 | |a zmluvy medzinárodné |
| 610 | 2 | 0 | |a spoločnosti nadnárodné |
| 610 | 2 | 0 | |a ochrana právna |
| 610 | 2 | 0 | |a podnik zmiešaný |
| 100 | 1 | |a Bulatov, A. | |